Encyclopedia of cooking. (Запис № 492751)

МАРК-запис
000 -LEADER
fixed length control field 01167nam a2200265I 4500
001 - CONTROL NUMBER
control field encyclopediaofco016newy
003 - CONTROL NUMBER IDENTIFIER
control field CaSfIA
005 - DATE AND TIME OF LATEST TRANSACTION
control field 20210118004436.0
007 - PHYSICAL DESCRIPTION FIXED FIELD--GENERAL INFORMATION
fixed length control field cr||||
008 - FIXED-LENGTH DATA ELEMENTS--GENERAL INFORMATION
fixed length control field 780516s1971 nyu 000 0 eng d
040 ## - CATALOGING SOURCE
Original cataloging agency APL
Transcribing agency APL
Modifying agency CaSfIA
035 ## - SYSTEM CONTROL NUMBER
System control number (OCoLC)3901158
050 #4 - LIBRARY OF CONGRESS CALL NUMBER
Classification number TX349
Item number .B44
082 04 - DEWEY DECIMAL CLASSIFICATION NUMBER
Classification number 641.503
Item number B466e
130 0# - MAIN ENTRY--UNIFORM TITLE
Uniform title Better homes and gardens.
245 10 - TITLE STATEMENT
Title Encyclopedia of cooking.
Medium [electronic resource]
260 ## - PUBLICATION, DISTRIBUTION, ETC. (IMPRINT)
Place of publication, distribution, etc New York,
Name of publisher, distributor, etc Meredith Corp.,
Date of publication, distribution, etc c1971.
300 ## - PHYSICAL DESCRIPTION
Extent 18 v.
Other physical details illus. (part col.)
500 ## - GENERAL NOTE
General note Vol. 18 contains index.
506 ## - RESTRICTIONS ON ACCESS NOTE
Standardized terminology for access restriction Необхідна авторизація на https://archive.org/ (створення облікового запису безкоштовно)
506 ## - RESTRICTIONS ON ACCESS NOTE
Standardized terminology for access restriction Необхідна авторизація на https://openlibrary.org/ (створення облікового запису безкоштовно)
856 41 - ELECTRONIC LOCATION AND ACCESS
Uniform Resource Identifier <a href="http://www.archive.org/details/encyclopediaofco016newy">http://www.archive.org/details/encyclopediaofco016newy</a>
Public note Free eBook from the Internet Archive
Materials specified Volume 16
856 42 - ELECTRONIC LOCATION AND ACCESS
Uniform Resource Identifier <a href="http://www.openlibrary.org/books/OL24206173M">http://www.openlibrary.org/books/OL24206173M</a>
Public note Additional information and access via Open Library
Materials specified Volume 16
942 ## - ADDED ENTRY ELEMENTS (KOHA)
Koha item type ЕКнига

Немає доступних примірників.